Guess the well known bands from one word - Statistics

General Stats
  • This quiz has been taken 45 times
  • The average score is 10 of 15
Answer Stats
Hint Answer % Correct
Stairway Led Zeppelin
98%
Egyptian The Bangles
85%
Vibrations The Beach Boys
80%
Yellow Coldplay
76%
Edge U2
73%
Lemmy Motorhead
71%
Appetite Guns n Roses
68%
Smells Nirvana
68%
Paranoid Black Sabbath
66%
Charmeleon Culture Club
66%
Taylor (x2) (or Rio) Duran Duran
63%
Cavern The Beatles
44%
Storm The Doors
39%
Vacant Sex Pistols
34%
Keef The Rolling Stones
27%
No matching quizzes found
Score Distribution
Percent of People with Each Score
Percentile by Number Answered
Your Score History
You have not taken this quiz